| 000 | 00383nam a22001337a 4500 | ||
|---|---|---|---|
| 020 | _a9787119114408 | ||
| 082 |
_a384.30951 _bBEN |
||
| 100 | _aLV Benfu and Hao Yeli | ||
| 245 |
_aChina in the internet age _cLV Benfu and Hao Yeli |
||
| 260 |
_aBeijing _bForeign Languages Press _c2019 |
||
| 300 | _a422p | ||
| 942 |
_2ddc _cBK |
||
| 999 |
_c587904 _d587904 |
||